[Event "Zlin Region-chT 2223"]
[Site "Czech Republic"]
[Date "2022.11.27"]
[Round "4.6"]
[White "Filak, Josef"]
[Black "Jurca, Marek"]
[Result "1/2-1/2"]
[WhiteElo "1752"]
[BlackElo "1924"]
[PlyCount "20"]
[EventDate "2022.10.09"]
[EventType "team-tourn"]
[EventRounds "11"]
[EventCountry "CZE"]
[SourceTitle "EXT 2024"]
[Source "ChessBase"]
[SourceDate "2023.10.10"]
[SourceVersion "1"]
[SourceVersionDate "2023.10.10"]
[SourceQuality "1"]
[WhiteTeam "Francova Lhota Sokol"]
[BlackTeam "Zlin II"]
[WhiteTeamCountry "CZE"]
[BlackTeamCountry "CZE"]

1. e4 c6 2. d4 d5 3. Nc3 dxe4 4. Nxe4 Bf5 5. Ng3 Bg6 6. c3 Qc7 7. Bd3 e6 8. Nf3 Nd7 9. Qe2 Bxd3 10. Qxd3 c5 1/2-1/2

[Event "Zlin Region-chT 2223"]
[Site "Czech Republic"]
[Date "2022.11.13"]
[Round "3.5"]
[White "Petrzela, Pavel"]
[Black "Filak, Josef"]
[Result "1-0"]
[WhiteElo "1998"]
[BlackElo "1752"]
[PlyCount "119"]
[EventDate "2022.10.09"]
[EventType "team-tourn"]
[EventRounds "11"]
[EventCountry "CZE"]
[SourceTitle "EXT 2024"]
[Source "ChessBase"]
[SourceDate "2023.10.10"]
[SourceVersion "1"]
[SourceVersionDate "2023.10.10"]
[SourceQuality "1"]
[WhiteTeam "Postoupky Sokol"]
[BlackTeam "Francova Lhota Sokol"]
[WhiteTeamCountry "CZE"]
[BlackTeamCountry "CZE"]

1. d4 Nf6 2. c4 e6 3. Nf3 d5 4. g3 Nbd7 5. Qc2 c6 6. Bg2 Bb4+ 7. Nbd2 Ne4 8. 0-0 Ndf6 9. Ne5 Nxd2 10. Bxd2 Bxd2 11. Qxd2 0-0 12. f3 Nd7 13. Nxd7 Bxd7 14. b3 Qb6 15. c5 Qc7 16. e4 f6 17. Rac1 Rad8 18. Rfe1 dxe4 19. fxe4 Bc8 20. Qc3 Rfe8 21. Qc4 Kf8 22. Red1 Qe7 23. Rc2 a6 24. b4 Rd7 25. Rcd2 Rdd8 26. Qb3 Rd7 27. Bf1 Rdd8 28. Bc4 Qc7 29. Qf3 Qe7 30. Re2 Qf7 31. Bb3 Qg6 32. Qd3 e5 33. d5 Bg4 34. d6 Bxe2 35. Qxe2 Rd7 36. Qc4 Qf7 37. Qxf7+ Rxf7 38. Bxf7 Kxf7 39. Kf2 Ke6 40. Ke3 h5 41. a4 Kd7 42. Kd3 g6 43. Rf1 Rf8 44. Kc4 f5 45. b5 axb5+ 46. axb5 f4 47. bxc6+ bxc6 48. gxf4 exf4 49. h4 f3 50. Kd3 Rf4 51. Ke3 Rxh4 52. Rxf3 g5 53. Rf7+ Kd8 54. Rg7 Rh3+ 55. Kd4 h4 56. e5 Rh1 57. e6 Rd1+ 58. Ke5 Kc8 59. Rg8+ Kb7 60. e7 1-0

[Event "Vsetin op"]
[Site "Vsetin"]
[Date "2017.07.06"]
[Round "7"]
[White "Filak, Josef"]
[Black "Hrabovsky, Vladimir"]
[Result "1/2-1/2"]
[WhiteElo "1765"]
[BlackElo "2000"]
[PlyCount "111"]
[EventDate "2017.07.01"]
[EventType "swiss"]
[EventRounds "9"]
[EventCountry "CZE"]
[SourceTitle "CBM 179 Extra"]
[Source "ChessBase"]
[SourceDate "2017.08.23"]
[SourceVersion "1"]
[SourceVersionDate "2017.08.23"]
[SourceQuality "1"]

1. e4 c5 2. Nf3 d6 3. d4 cxd4 4. Nxd4 g6 5. Nc3 Bg7 6. g3 Nc6 7. Nde2 Nf6 8. Bg2 0-0 9. 0-0 Be6 10. Nd5 Rc8 11. c3 Re8 12. Bg5 Bxd5 13. exd5 Ne5 14. h3 Qa5 15. b3 a6 16. Qd2 Qa3 17. Kh1 Ned7 18. Bh6 Bh8 19. g4 Nc5 20. f3 Ncd7 21. Rac1 Qc5 22. f4 Nb6 23. Rcd1 Bg7 24. Bxg7 Kxg7 25. Bf3 Nfd7 26. h4 Nf6 27. Kg2 Rh8 28. g5 Nfd7 29. c4 h5 30. Rfe1 Rhe8 31. Nd4 a5 32. Be4 a4 33. Qd3 Nxc4 34. bxc4 Qxc4 35. Qxc4 Rxc4 36. f5 Ne5 37. fxg6 fxg6 38. Ne6+ Kh7 39. Rd2 Rec8 40. Nf4 Kg7 41. Ne6+ Kh7 42. Rf2 b5 43. Rd2 b4 44. Nd4 Rc1 45. Ree2 R8c3 46. Rc2 R1xc2 47. Nxc2 b3 48. axb3 axb3 49. Nd4 Nc4 50. Nb5 Rc1 51. Bd3 b2 52. Rxe7+ Kg8 53. Bxg6 b1Q 54. Bxb1 Rxb1 55. Nc7 Rb3 56. Kf2 1/2-1/2

[Event "Vsetin op"]
[Site "Vsetin"]
[Date "2017.07.04"]
[Round "4"]
[White "Filak, Josef"]
[Black "Mlady, Pavel"]
[Result "1/2-1/2"]
[WhiteElo "1765"]
[BlackElo "1650"]
[PlyCount "64"]
[EventDate "2017.07.01"]
[EventType "swiss"]
[EventRounds "9"]
[EventCountry "CZE"]
[SourceTitle "CBM 179 Extra"]
[Source "ChessBase"]
[SourceDate "2017.08.23"]
[SourceVersion "1"]
[SourceVersionDate "2017.08.23"]
[SourceQuality "1"]

1. e4 e5 2. Nf3 Nc6 3. Bb5 d6 4. 0-0 Bd7 5. d4 exd4 6. Nxd4 Nxd4 7. Bxd7+ Qxd7 8. Qxd4 Ne7 9. Be3 Nc6 10. Qd5 Be7 11. f4 0-0 12. c3 Qe6 13. Qd3 f5 14. Nd2 Rae8 15. exf5 Qxf5 16. Qc4+ Qf7 17. Qb5 Rb8 18. Nf3 a6 19. Qa4 h6 20. Rae1 Rbe8 21. a3 Bf6 22. Bc1 Kh8 23. Qd1 Rxe1 24. Qxe1 Re8 25. Qg3 Ne7 26. Ng5 Qd5 27. Qh3 Kg8 28. Nf3 Qc5+ 29. Kh1 Qf5 30. Qg3 Qg6 31. Qf2 Nc6 32. Qd2 Qf7 1/2-1/2

[Event "Vsetin op 40th"]
[Site "Vsetin"]
[Date "2015.07.10"]
[Round "8"]
[White "Gabrys, Lukas"]
[Black "Filak, Josef"]
[Result "1-0"]
[WhiteElo "1882"]
[BlackElo "1802"]
[PlyCount "149"]
[EventDate "2015.07.04"]
[EventType "swiss"]
[EventRounds "9"]
[EventCountry "CZE"]
[SourceTitle "CBM 167 Extra"]
[Source "ChessBase"]
[SourceDate "2015.09.14"]
[SourceVersion "1"]
[SourceVersionDate "2015.09.14"]
[SourceQuality "1"]

1. Nf3 Nf6 2. g3 d5 3. Bg2 c6 4. 0-0 e6 5. d3 Bd6 6. Nbd2 0-0 7. e4 e5 8. c3 Bg4 9. Re1 Re8 10. Nf1 Qc7 11. Ne3 Qd7 12. Nxg4 Qxg4 13. Qb3 b6 14. Nh4 dxe4 15. dxe4 Nbd7 16. Nf5 Nc5 17. Qc2 Rad8 18. Nxd6 Rxd6 19. f3 Qe6 20. Be3 Red8 21. Red1 Nb7 22. b3 Qd7 23. Rxd6 Qxd6 24. Bf1 h6 25. Be2 Qe7 26. Rd1 Nd6 27. Rd2 Nfe8 28. a4 h5 29. Qd1 g6 30. h4 Kg7 31. Qf1 Nb7 32. Rxd8 Nxd8 33. Qd1 Ne6 34. Qd3 N8c7 35. a5 c5 36. axb6 axb6 37. Qd2 Nd8 38. b4 Nce6 39. Qd5 Nc7 40. Qc4 Nde6 41. bxc5 bxc5 42. Bf1 Qd6 43. Bh3 Qd1+ 44. Kg2 Qc2+ 45. Bf2 Qd2 46. Qb3 Qd3 47. Qb2 Qd6 48. Be3 Qd3 49. Kf2 Qd6 50. Bf1 Qd1 51. Kg2 Qd6 52. Bc4 Qd7 53. Qa2 Kg8 54. Bxe6 Nxe6 55. Qd5 Qc7 56. Kf2 Kg7 57. Ke2 Kf6 58. Kd3 Kg7 59. Kc4 Nd4 60. Qxc5 Qxc5+ 61. Kxc5 Nxf3 62. Kd6 f6 63. c4 g5 64. c5 Nd4 65. c6 Nb5+ 66. Kd7 gxh4 67. gxh4 Kg6 68. c7 Nxc7 69. Kxc7 f5 70. exf5+ Kxf5 71. Kd6 Kg4 72. Bf2 e4 73. Ke5 e3 74. Be1 Kf3 75. Kf5 1-0

[Event "Vsetin op 40th"]
[Site "Vsetin"]
[Date "2015.07.08"]
[Round "6"]
[White "Havelka, Petr"]
[Black "Filak, Josef"]
[Result "0-1"]
[WhiteElo "1823"]
[BlackElo "1802"]
[PlyCount "110"]
[EventDate "2015.07.04"]
[EventType "swiss"]
[EventRounds "9"]
[EventCountry "CZE"]
[SourceTitle "CBM 167 Extra"]
[Source "ChessBase"]
[SourceDate "2015.09.14"]
[SourceVersion "1"]
[SourceVersionDate "2015.09.14"]
[SourceQuality "1"]

1. d4 d5 2. c4 e6 3. Nc3 Nf6 4. Bg5 Nbd7 5. Nf3 Bb4 6. e3 c5 7. Bxf6 Nxf6 8. a3 Bxc3+ 9. bxc3 Qa5 10. Qb3 0-0 11. Nd2 Bd7 12. Bd3 Ba4 13. Qb2 b5 14. cxd5 c4 15. Be4 exd5 16. Bf3 Rfe8 17. 0-0 a6 18. Rfe1 Re6 19. Nf1 Rae8 20. Ng3 g6 21. Ne2 Qc7 22. Ng3 Kg7 23. Rac1 h5 24. Nf1 h4 25. h3 Qd8 26. Nh2 Ng8 27. Ng4 f6 28. Qd2 g5 29. Qb2 Nh6 30. Qb1 Rd6 31. Nxh6 Kxh6 32. Qf5 Qd7 33. Qxd7 Rxd7 34. Bd1 Bxd1 35. Rexd1 Rb7 36. Rb1 a5 37. Rd2 Kg6 38. Rdb2 Reb8 39. Kf1 f5 40. Ke2 Kf6 41. Kd2 g4 42. Ke2 Kg5 43. Rg1 b4 44. axb4 axb4 45. f4+ Kf6 46. cxb4 Rxb4 47. Rxb4 Rxb4 48. Ra1 Rb2+ 49. Kf1 Rb6 50. hxg4 fxg4 51. Ra8 Rb1+ 52. Kf2 Rb2+ 53. Kf1 h3 54. gxh3 gxh3 55. Kg1 c3 0-1

[Event "Vsetin op 40th"]
[Site "Vsetin"]
[Date "2015.07.05"]
[Round "2"]
[White "Filak, Josef"]
[Black "Kanak, Filip"]
[Result "0-1"]
[WhiteElo "1802"]
[BlackElo "1935"]
[PlyCount "88"]
[EventDate "2015.07.04"]
[EventType "swiss"]
[EventRounds "9"]
[EventCountry "CZE"]
[SourceTitle "CBM 167 Extra"]
[Source "ChessBase"]
[SourceDate "2015.09.14"]
[SourceVersion "1"]
[SourceVersionDate "2015.09.14"]
[SourceQuality "1"]

1. e4 c5 2. d4 cxd4 3. c3 dxc3 4. Nxc3 Nc6 5. Bc4 e6 6. Nf3 Bb4 7. Qc2 d5 8. exd5 exd5 9. Bb5 a6 10. Bxc6+ bxc6 11. 0-0 Ne7 12. Bf4 0-0 13. a3 Bf5 14. Qb3 Bd6 15. Bxd6 Qxd6 16. Qa4 c5 17. Rfe1 Rfb8 18. Qh4 f6 19. Re2 Ng6 20. Qa4 Nf4 21. Rd2 Nd3 22. Nh4 Bd7 23. Qc2 c4 24. b4 a5 25. b5 Bxb5 26. Nf5 Qe5 27. Rb1 Qxf5 28. Rxb5 Rxb5 29. Nxb5 Qe5 30. Rd1 Rb8 31. a4 Re8 32. h3 Qe2 33. Rd2 Qe1+ 34. Kh2 Qe5+ 35. Kg1 Qa1+ 36. Kh2 Re1 37. Rxd3 Rh1+ 38. Kg3 Qe5+ 39. f4 Qe1+ 40. Kg4 f5+ 41. Kg5 Qe7+ 42. Kxf5 Qe4+ 43. Kg4 Qxd3 44. Qf2 Rf1 0-1